Gospodarze Mistrzostw Świata FIFA - Nagła śmierć - Statystyki

Ogólne statystyki
  • Ten quiz został rozwiązany 92 razy
  • Średni wynik to 13 z 22
Answers on the Grid
Answers color-coded by a green-red scale on the quiz's grid according to % correct below.
Anglia
Arabia Saudyjska
Argentyna
Australia
Belgia
Brazylia
Chile
Chiny
Egipt
Francja
Grecja
Hiszpania
Holandia
Indie
Iran
Irlandia
Jamajka
Japonia
Kanada
Katar
Kolumbia
Korea Północna
Korea Południowa
Maroko
Meksyk
Niemcy
Norwegia
Nowa Zelandia
Peru
Portugalia
Republika Południowej Afryki
Rosja
Stany Zjednoczone
Szkocja
Szwajcaria
Szwecja
Turcja
Urugwaj
Włochy
Zjednoczone Emiraty Arabskie
 
Statystyki odpowiedzi
Odpowiedź % Poprawnych
1966 Anglia
94%
1938, 1998 Francja
79%
1950, 2014 Brazylia
77%
1982, 2030 Hiszpania
73%
1994, 2026 Stany Zjednoczone
69%
1978 Argentyna
66%
1970, 1986, 2026 Meksyk
65%
1974, 2006 Niemcy
65%
2010 Republika Południowej Afryki
65%
2018 Rosja
65%
2002 Japonia
63%
1930 Urugwaj
63%
1934, 1990 Włochy
61%
2022 Katar
56%
2002 Korea Południowa
56%
2026 Kanada
52%
1958 Szwecja
44%
2034 Arabia Saudyjska
40%
2030 Maroko
32%
1954 Szwajcaria
31%
2030 Portugalia
29%
1962 Chile
26%
Nie znaleziono quizów pasujących do podanych kryteriów
Rozkład punktacji
Procent ludzi z każdym wynikiem
Percentyl według liczby udzielonych odpowiedzi
Twoja historia wyników
Nie rozwiązałeś tego quizu